000 00525nam a2200193Ia 4500
003 OSt
005 20230531105333.0
008 210423s1967 xx 000 0 und d
040 _cAL
041 _aeng
082 _a340
_223
_bGOVM
245 _aMysore compulsory primary education act 1961
260 _aMysore
_bGovernment Of Mysore
_c1967
300 _av,26
_bPB
650 _aLaw
_9117625
650 _aSocial Sciences
_9117626
906 _a1961 ; act ; compulsory ; education ; Mysore ; primary
942 _2ddc
_cBK
999 _c174600
_d174600